Nommez le plus de licence possible - Statistiques

Statistiques générales
  • Ce quiz a été pris 64 fois
    38 depuis la dernière actualisation
  • Le résultat moyen est 30 sur 227
Statistiques - réponses
Licences % Correct
Mario Kart
90%
Pokémon
77%
Call Of Duty
63%
Super Mario Bros
60%
Fifa
57%
Sonic
50%
The Legend Of Zelda
47%
Assassin's creed
43%
Fortnite
43%
Minecraft
43%
Donkey Kong
40%
League Of Legends
40%
Battlefield
37%
Final Fantasy
37%
Grand theft Auto
37%
Mario Party
37%
Far Cry
33%
Forza Horizon
33%
Luigi’s Mansion
33%
Red Dead Redemption
33%
World of Warcraft
33%
Animal Crossing
30%
Kirby
30%
Lego
30%
Metal Gear Solid
30%
Nba2k
30%
Need For Speed
30%
Pac Man
30%
Street Fighter
30%
Bayonetta
27%
Gran Turismo
27%
Halo
27%
Métroid
27%
Mortal Kombat
27%
Overwatch
27%
Resident Evil
27%
Rocket League
27%
Super Smash Bros
27%
Tetris
27%
The Last Of Us
27%
Valorant
27%
Wii Sports
27%
Batman
23%
Dark Souls
23%
DOOM
23%
Mario Tennis
23%
Spiderman
23%
Tomb Raider
23%
Uncharted
23%
Crash Bandicoot
20%
CSGO
20%
Farming Simulator
20%
Fire Emblem
20%
God Of War
20%
Just Dance
20%
Mario et Sonic aux Jeux Olympiques
20%
Mario Golf
20%
PUBG
20%
The Elder Scrolls
20%
Yoshi's island
20%
Bioshock
17%
Mega Man
17%
Brawl Stars
17%
Clash Of Clans
17%
Clash Royale
17%
Dota
17%
Fallout
17%
F-Zero
17%
Guitar Hero
17%
Harry Potter
17%
HitMan
17%
Kingdom Hearts
17%
Pikmin
17%
Ratchet and Clank
17%
Sims
17%
Splatoon
17%
Tekken
17%
Candy Crush
13%
Civilization
13%
Dead Island
13%
Destiny
13%
Diablo
13%
Dirt
13%
Fall Guys
13%
Kid Icarus
13%
Mario et Luigi
13%
Paper Mario
13%
Pokémon GO
13%
Portal
13%
Professeur Layton
13%
Spyro
13%
Starcraft
13%
The Witcher
13%
WarioWare
13%
Watchdogs
13%
Angry Birds
10%
Apex Legends
10%
Banjo Kazooie
10%
CyberPunk
10%
Detroit Become Human
10%
Dragon Quest
10%
EuroTruck
10%
F1
10%
Goat Simulator
10%
Half Life
10%
Horizon
10%
Medal Of Honor
10%
nier automata
10%
No Man's Sky
10%
One Piece
10%
Persona
10%
Pokémon Snap
10%
Prince Of Persia
10%
Rayman
10%
Silent Hill
10%
The Crew
10%
Tom Clancy's
10%
Wario Land
10%
Age of Empires
7%
Among Us
7%
Ark
7%
Borderlands
7%
CastleVania
7%
Dead Rising
7%
Dead Space
7%
Dofus
7%
Dying Light
7%
Forza Motosport
7%
Gears Of War
7%
Hades
7%
Hollow Knight
7%
Life is Strange
7%
Life Is strange
7%
Little Big Planet
7%
Monster Hunter
7%
Overcooked
7%
Pay Day
7%
Pokémon Ranger
7%
Roblox
7%
Rock Band
7%
Saints Row
7%
SoulCalibur
7%
Terraria
7%
The Binding of isaac
7%
Titanfall
7%
Trackmania
7%
Until Dawn
7%
Warcraft
7%
Wolfenstein
7%
World Of Tanks
7%
Worms
7%
Xenoblade Chronicles
7%
Yo Kai Watch
7%
Alan Wake
3%
Battlefront
3%
Bloodborne
3%
Burnout
3%
Celeste
3%
Cup Head
3%
dead by daylight
3%
Détective Pikachu
3%
Dragon Age
3%
Dragon Ball Xenoverse
3%
five nights at freddy's
3%
Game And Watch
3%
Genshin Impact
3%
ghost of tsushima
3%
Ghost Recon
3%
Helldivers
3%
Hyrule Warriors
3%
Just Cause
3%
Mario Strikers
3%
Mario vs Donkey Kong
3%
Mass Effect
3%
Max Payne
3%
Planet Zoo
3%
Plante VS Zombies
3%
Pokémon Donjons Mystère
3%
PokéPark
3%
SimCity
3%
Skylanders
3%
Space Invaders
3%
Stardew Valley
3%
Subnautica
3%
Super Meat Boy
3%
The Evil Within
3%
The Forest
3%
WWE 2K
3%
7 Days to Die
0%
Amnesia
0%
Assassin's Creed Chronicles
0%
Astroneer
0%
Beat Saber
0%
Cities Skylines
0%
DayZ
0%
Disney Dreamlight Valley
0%
Division
0%
Dragon Ball FighterZ
0%
Dragon Quest Builders
0%
Fable
0%
Firewatch
0%
Flight Simulator
0%
FNAF
0%
Habbo
0%
Harvest Moon
0%
HellBlade
0%
Journey
0%
Jump Force
0%
Madden NFL
0%
Ninja Storm
0%
Osu
0%
Outlast
0%
Pokémon Colosseum
0%
Pokémon Rumble
0%
Pokémon Stadium
0%
Pokémon Unite
0%
Pokkén Tournament
0%
powerwash Simulmator
0%
Raft
0%
RollerCoaster Tycoon
0%
Shadow Of The Colossus
0%
Sing It
0%
Slime Rancher
0%
Sonic and Sega All Stars Racing
0%
Stranded deep
0%
Tony Hawk's
0%
Trials Rising
0%
Aucun quiz correspondant
Distribution des résultats
% des personnes avec chaque résultat
Percentile par nombre de réponses
Votre historique - résultats
Vous n’avez pas pris ce quiz depuis la dernière actualisation